<?xml version="1.0" encoding="UTF-8"?>
<marc:record xmlns:marc="http://www.loc.gov/MARC21/slim">
   <marc:leader>00000nam a2200000 a 4500</marc:leader>
   <marc:datafield ind1="1" ind2=" " tag="100">
      <marc:subfield code="a">Timmers, Leo</marc:subfield>
      <marc:subfield code="4">aut</marc:subfield>
      <marc:subfield code="e">Verfasser/-in</marc:subfield>
   </marc:datafield>
   <marc:datafield ind1="1" ind2=" " tag="100">
      <marc:subfield code="a">Schweikart, Eva</marc:subfield>
      <marc:subfield code="4">oth</marc:subfield>
      <marc:subfield code="e">Sonstiges</marc:subfield>
   </marc:datafield>
   <marc:datafield ind1=" " ind2=" " tag="653">
      <marc:subfield code="a">Drache</marc:subfield>
   </marc:datafield>
   <marc:datafield ind1="0" ind2="0" tag="245">
      <marc:subfield code="a">Wo steckt der Drache?</marc:subfield>
   </marc:datafield>
   <marc:datafield ind1="0" ind2="0" tag="245">
      <marc:subfield code="c">Timmers, Leo</marc:subfield>
   </marc:datafield>
   <marc:datafield ind1=" " ind2="1" tag="264">
      <marc:subfield code="a">Zürich</marc:subfield>
      <marc:subfield code="b">aracari</marc:subfield>
      <marc:subfield code="c">2020</marc:subfield>
   </marc:datafield>
   <marc:datafield ind1="1" ind2=" " tag="520">
      <marc:subfield code="a">Quelle: 1000 und 1 Buch (http://www.1001buch.at/); &#xD;
Autor: Klaus Nowak; &#xD;
Dass der niederländische Bilderbuchkünstler Leo Timmers auch die Gattung Allerlei sympathische Tierfiguren in aberwitzigen Fortbewegungsvehikeln beherrscht, hat er bereits mit dem leider vergriffenen Wer fährt? und der Upcycling-Geschichte Gust der Mechaniker (rezensiert in Heft 3|2018) bewiesen. Sein neues Meisterstück glänzt zudem mit allerlei Technik-Schnickschnack. Da strampelt z.B. eine Schweinemama auf einem Lastenfahrrad, dessen ausgefeilte Kettenmechanik einen Vintage-Filmprojektor antreibt, der auf das Segel eines rollenden Bootes vor ihm den Klassiker Titanic projiziert, was dem darin hockenden und als Pirat gekleideten Krokodil allerdings entgeht, da es seinerseits nur Augen hat für den vor ihm fahrenden Octobus, in dessen wassergeflutetem Innenraum jede Menge maritimes Getier herumschwimmt. Ob der Fülle derartig witziger Bilddetails ist die Dramaturgie der mit knappem Text gereimten Staugeschichte Nebensache.&#xD;
Einen ausgefeilteren Bogen schlägt da die Handlung in seinem bereits im Frühjahr erschienenen Bilderbuch Wo steckt der Drache?. Statt Detailfülle setzt Timmers hier auf Reduktion, spielt mit dem Dunkel der Nacht und den Schattenrissen seiner Figuren.&#xD;
Drei Ritter auf Drachenjagd gehen mutig voran in den finsteren Wald und stehen dort alsbald auch vor dem riesengroßen Biest. Zumindest glauben sie  ausgerüstet nebst Hieb- und Stichwaffen auch mit einer Kerze  im Dunkel den schwarz schimmernden Umriss des gezackten Drachenrückens ausmachen zu können. Oder liegt da doch ganz was anderes im nächtlichen Schlummer? Wer weiterblättert, bekommt  so wie die drei Ritter  ein ums andere Mal eine Überraschung und gehörig viel zu lachen.&#xD;
Für beide Bücher gilt: Haben wollen!&#xD;
Siehe weiters Leo Timmers: Das rasante Buch&#xD;
&#xD;
 ---- &#xD;
Quelle: STUBE (http://www.stube.at/); &#xD;
Seitenweise 2020&#xD;
Ein Drache treibt sich in der Nacht herum, und die Ritter ziehen los, um ihn zu besiegen. In der Dunkelheit einen Drachen ausfindig zu machen, ist aber gar nicht so leicht. Das wird auf der Bildebene in einem raffinierten Spiel zwischen den Schatten der Nacht und plötzlichen Lichteinfällen nachvollziehbar gemacht. Die blau-schwarzen Schatten lassen nämlich oft einen Drachen vermuten, wo keiner ist. So entpuppt sich etwa ein vermeintlicher Drache mit Zacken am Rücken im Licht als ein Berg Karotten, auf dem schlafende Häschen sitzen. Neben den kontrastierenden Hell-Dunkel-Effekten wird die Farbe Rot als Symbol für königliche Macht und lauernde Gefahr eingesetzt, denn irgendwo muss er ja schließlich sein: der fürchterliche und mysteriöse Drache &#xD;
*STUBE*</marc:subfield>
   </marc:datafield>
   <marc:datafield ind1=" " ind2=" " tag="020">
      <marc:subfield code="a">9783907114131</marc:subfield>
      <marc:subfield code="9">9783907114131</marc:subfield>
   </marc:datafield>
   <marc:datafield ind1=" " ind2=" " tag="020">
      <marc:subfield code="a">3907114132</marc:subfield>
      <marc:subfield code="9">3907114132</marc:subfield>
   </marc:datafield>
   <marc:datafield ind1=" " ind2=" " tag="041">
      <marc:subfield code="a">ger</marc:subfield>
   </marc:datafield>
   <marc:datafield ind1=" " ind2=" " tag="300">
      <marc:subfield code="b">Illustrationen</marc:subfield>
   </marc:datafield>
   <marc:datafield ind1=" " ind2=" " tag="338">
      <marc:subfield code="a">Band</marc:subfield>
   </marc:datafield>
   <marc:datafield ind1=" " ind2=" " tag="300">
      <marc:subfield code="a">29 ungezählte Seiten</marc:subfield>
   </marc:datafield>
</marc:record>
